| 000 | 01157njm a22002657a 4500 | ||
|---|---|---|---|
| 005 | 20100901115333.0 | ||
| 006 | a|||||r|||||00| 0 | ||
| 007 | sd ammalaaahaa | ||
| 008 | 100901t xxu||||| |||| 00| 0 eng d | ||
| 028 |
_aN 52430 _bHis Master's Voice |
||
| 035 | _aGR-530 | ||
| 040 |
_aSED _cSED |
||
| 100 |
_917891 _aMangeshkar, Lata |
||
| 245 |
_aMadhumati / _h[Sound recording] _bby Lata Mangeshkar ; music by Salil Chowdhury ; lyrices by Shailendra |
||
| 246 | _aमधुमती / लता मंगेशकर | ||
| 260 |
_aDUM DUM, India _bHis Master's Voice |
||
| 300 |
_a1 Sound disc [Gramophone Recording] : _banalog, 33 1/3 rpm _c9.5 in. (MP) _fGramophone Record |
||
| 500 | _aBrief record | ||
| 505 | _aSide-1 आजारे परदेसी ( aajare pardesy ) Side-2 घडी घडी मोरो मेरे दिल धडके (ghadi ghadi moro mere dil dhadke ) (Lata Mangeshkar) | ||
| 650 |
_aClassical music _xExcerpts _zIndia _917892 |
||
| 700 |
_918192 _aChowdhury, Salil |
||
| 700 |
_aShailendra _918311 |
||
| 942 |
_2ddc _cGR |
||
| 999 |
_c43747 _d43747 |
||